Statistiken für Errate den Songtext ohne das Lied zu kennen #8

Klicken Sie hier um das Quiz zu spielen!

Allgemein

  • Dieses Quiz wurde 395 mal gespielt
  • Das Durchschnittsergebnis liegt bei 131 aus 404

Antwortstatistiken

Antwort% Korrekt
I
97%
a
88%
you
85%
You
85%
do
74%
the
73%
we
68%
We
68%
and
65%
me
65%
love
60%
is
59%
to
55%
in
52%
on
52%
When
51%
go
49%
My
49%
my
49%
can
46%
Like
43%
like
43%
of
41%
so
40%
don
38%
I'm
38%
domino
37%
ever
35%
Don't
32%
don't
32%
let
32%
all
30%
know
30%
this
30%
Baby,
27%
baby,
27%
baby
27%
down
27%
night
27%
You're
27%
you're
27%
heart
26%
Take
26%
there
25%
Make
23%
Now
23%
Oh
23%
feeling
22%
free
22%
think
22%
Every
21%
out
21%
up
21%
time
20%
got
19%
come
17%
world
17%
'Cause
16%
right
16%
about
13%
best
13%
sexy
13%
touch
13%
dream
11%
dancing
10%
I've
10%
moonlight
10%
second
10%
control
9%
raining
9%
air
8%
mind
8%
glitter's
7%
Dirty
6%
explode
6%
gold
6%
highlight
6%
into
6%
Pull
6%
Rock
6%
sunlight
6%
taking
6%
beats
5%
cloud
5%
ooh
5%
ooh,
5%
pure
5%
running
5%
skin
5%
spin
5%
stars
5%
taste
5%
tight
5%
drum
4%
known
4%
shot
4%
smoke
4%
bass
3%
breathing
3%
Damn,
3%
losing
3%
tension
3%
ohh
2%
rhythm
2%
seeing
2%
guitar
1%
Hollywood
1%
Sparkin'
1%
strum
1%

Verteilung der Resultate

Perzentil nach korrekt beantworteten Fragen

Anzahl Personen mit jedem Resultat

Ihre Resultats-Entwicklung

Sie haben dieses Quiz noch nicht gespielt